| 000 | 00516nam a22001937a 4500 | ||
|---|---|---|---|
| 005 | 20230519052019.0 | ||
| 008 | 220830b ||||| |||| 00| 0 eng d | ||
| 020 | _a9788173280363 | ||
| 040 | _cAL | ||
| 041 | _aeng | ||
| 082 |
_223 _a001.42 _bKOTR |
||
| 100 |
_aKothari C R _956151 |
||
| 245 |
_aResearch methodology _bMethods and techniques |
||
| 260 |
_aNew Delhi _bWishwa Prakashan _c2001 |
||
| 300 |
_axii,467p. _bHB _c20.9X13.8cm. |
||
| 365 | _2General | ||
| 650 | _2Research methodology | ||
| 942 |
_2ddc _cBK |
||
| 999 |
_c224493 _d224493 |
||